<?xml version="1.0" encoding="UTF-8"?><?xml-stylesheet type="text/xsl" href="static/style.xsl"?><OAI-PMH xmlns="http://www.openarchives.org/OAI/2.0/" xmlns:xsi="http://www.w3.org/2001/XMLSchema-instance" xsi:schemaLocation="http://www.openarchives.org/OAI/2.0/ http://www.openarchives.org/OAI/2.0/OAI-PMH.xsd"><responseDate>2026-05-14T06:37:00Z</responseDate><request verb="GetRecord" identifier="oai:riubu.ubu.es:10259/9886" metadataPrefix="marc">https://riubu.ubu.es/oai/request</request><GetRecord><record><header><identifier>oai:riubu.ubu.es:10259/9886</identifier><datestamp>2025-01-14T01:05:17Z</datestamp><setSpec>com_10259_9877</setSpec><setSpec>com_10259_7183</setSpec><setSpec>com_10259.4_106</setSpec><setSpec>com_10259_2604</setSpec><setSpec>col_10259_9878</setSpec></header><metadata><record xmlns="http://www.loc.gov/MARC21/slim" xmlns:doc="http://www.lyncode.com/xoai" xmlns:xsi="http://www.w3.org/2001/XMLSchema-instance" xmlns:dcterms="http://purl.org/dc/terms/" xsi:schemaLocation="http://www.loc.gov/MARC21/slim http://www.loc.gov/standards/marcxml/schema/MARC21slim.xsd">
<leader>00925njm 22002777a 4500</leader>
<datafield tag="042" ind1=" " ind2=" ">
<subfield code="a">dc</subfield>
</datafield>
<datafield tag="720" ind1=" " ind2=" ">
<subfield code="a">López Pinar, Carlos</subfield>
<subfield code="e">author</subfield>
</datafield>
<datafield tag="720" ind1=" " ind2=" ">
<subfield code="a">Lara Merín, Lucía</subfield>
<subfield code="e">author</subfield>
</datafield>
<datafield tag="720" ind1=" " ind2=" ">
<subfield code="a">Macías Morón, Juan José</subfield>
<subfield code="e">author</subfield>
</datafield>
<datafield tag="260" ind1=" " ind2=" ">
<subfield code="c">2025-01</subfield>
</datafield>
<datafield tag="520" ind1=" " ind2=" ">
<subfield code="a">Introduction: Recent literature suggests that acceptance and commitment therapy (ACT) may be an effective approach for treating symptoms of depression and anxiety symptoms in adolescents. This review meta-analyzes the efficacy of ACT on adolescent depression and anxiety, emphasizing the role of process variables (i.e., psychological flexibility).&#xd;
Methods: We systematically searched MedLine, PsycInfo and Scopus for randomized controlled trials (RCT) investigating the effect of ACT on anxiety/depression in adolescents. Studies were combined using the inverse variance method in a random effects model. Additional subgroup and meta-regression analyses were performed, and risk of bias was assessed. The review was pre-registered (PROSPERO registration number: CRD42023483300).&#xd;
Results: Our review included 27 RCTs with a total of 2860 participants. ACT did not outperform CBT but was significantly more effective than other active controls (e.g., treatment as usual) for depression symptoms and inactive controls for all outcomes. ACT was more effective than inactive controls for all outcomes. Improvements in psychological flexibility significantly predicted reductions in between-group depression and anxiety. Younger age and a higher percentage of women predicted better outcomes for some outcomes.&#xd;
Limitations: It should be noted that this results may be limited by the fact that all included studies were rated as having a high risk of bias. This is mainly due to the self-reported nature of the measures and the lack of crucial methodological information (e.g., process of randomization and allocation, treatment fidelity assessment).&#xd;
Conclusion: Our findings support ACT's efficacy for adolescents, particularly in treating depression symptoms. The proposed mechanism of change (psychological flexibility) plays a significant role in the improvements. ACT is comparable in efficacy to CBT, suggesting its potential as an alternative to traditional cognitive-behavioral approaches.</subfield>
</datafield>
<datafield tag="024" ind2=" " ind1="8">
<subfield code="a">0165-0327</subfield>
</datafield>
<datafield tag="024" ind2=" " ind1="8">
<subfield code="a">http://hdl.handle.net/10259/9886</subfield>
</datafield>
<datafield tag="024" ind2=" " ind1="8">
<subfield code="a">10.1016/j.jad.2024.09.076</subfield>
</datafield>
<datafield ind1=" " ind2=" " tag="653">
<subfield code="a">Acceptance and commitment therapy</subfield>
</datafield>
<datafield ind1=" " ind2=" " tag="653">
<subfield code="a">Anxiety symptoms</subfield>
</datafield>
<datafield ind1=" " ind2=" " tag="653">
<subfield code="a">Depression symptoms</subfield>
</datafield>
<datafield ind1=" " ind2=" " tag="653">
<subfield code="a">Adolescents</subfield>
</datafield>
<datafield ind1=" " ind2=" " tag="653">
<subfield code="a">Psychological inflexibility</subfield>
</datafield>
<datafield tag="245" ind1="0" ind2="0">
<subfield code="a">Process of change and efficacy of acceptance and commitment therapy (ACT) for anxiety and depression symptoms in adolescents: A meta-analysis of randomized controlled trials</subfield>
</datafield>
</record></metadata></record></GetRecord></OAI-PMH>